HOSPITAL AND CLINICAL PHARMACY (Record no. 1207977)

MARC details
000 -LEADER
fixed length control field 00381nam a2200133Ia 4500
008 - FIXED-LENGTH DATA ELEMENTS--GENERAL INFORMATION
fixed length control field 250115s2024 xx 000 0 und d
020 ## - INTERNATIONAL STANDARD BOOK NUMBER
International Standard Book Number 9 789354 515842
041 ## - LANGUAGE CODE
Language code of text/sound track or separate title eng
082 ## - DEWEY DECIMAL CLASSIFICATION NUMBER
Classification number 615.4/YAD/YAD
100 ## - MAIN ENTRY--PERSONAL NAME
Personal name YADAV/ YADAV
245 ## - TITLE STATEMENT
Title HOSPITAL AND CLINICAL PHARMACY
Remainder of title HOSPITAL AND CLINICAL PHARMACY
260 ## - PUBLICATION, DISTRIBUTION, ETC.
Place of publication, distribution, etc. PUNE, MAHARASHTRA
Name of publisher, distributor, etc. NIRALI PUBLICATION
Date of publication, distribution, etc. 2024
300 ## - PHYSICAL DESCRIPTION
Extent 13
Holdings
Withdrawn status Lost status Damaged status Not for loan Home library Current library Date acquired Cost, normal purchase price Total Checkouts Full call number Barcode Date last seen Date last checked out Price effective from Koha item type
        Institute of Pharmacy, Navi Mumbai Institute of Pharmacy, Navi Mumbai 29/11/2024 350.00 1 615.4/YAD/YAD IPM-10513 29/06/2026 19/08/2025 15/01/2025 Book